000 00867ntaaa2200253 4500
003 01
005 20251027202246.0
008 0714s1973 ag 01
020 _a8472286843
040 _aAR-BaBN
_bspa
_cAR-BaBN
_eaacr
_dRIC
082 _a268.4320 B63t
100 _aBolton, Bárbara J
_920970
245 _aTrabajando con los niños
250 _a1 ed.
260 _aTerrassa :
_bClie,
_c1982
300 _a202 p ;
_cilu. : 17,5 cm
500 _aNiños, grados del 1 al 6.Recursos pára los docentes a fin de que los niños, a traves de manualidades, juegos y actividades puedan aprender los contenidos de la Biblia.
650 _aeducacion cristiana-niños
650 _aeducacion religiosa-metodos
_920971
650 _aeducacion religiosa-manualidades
_920972
650 _aescuela dominical-niños
700 _aSmith, Charles T.
_920974
942 _cBK
999 _c17366
_d17366